| 000 | 00375nam a2200145 a 4500 | ||
|---|---|---|---|
| 008 | 980126s1965||||xx 0 und c | ||
| 040 |
_aSNK _bslo _cSNK _eAACR2 |
||
| 100 | 1 | _aDefoe, Daniel | |
| 245 | 1 | 0 | _aMoll Flandersová |
| 260 |
_aBratislava _bSlovenské vydavateľstvo krásnej literatúry _c1965 |
||
| 300 | _a292 s. | ||
| 020 | _c18 | ||
| 044 |
_axo _cSK |
||
| 041 | _aslo | ||
| 999 |
_c10256 _d10256 |
||